000 003240000a22001450004500
005 20120302054451.0
942 _cBOOK
245 _a Kalyan Anka:Varsha 39-Anka 3
260 _aGorakhpur:Geeta,1965.
300 _a768-828p.
040 _aHIN
650 _aSankirna
650 _aMaasik-Sankirna
650 _aKalyan-Maasik
999 _c345708
_d345705